Statistics for Olympique Marseille 1992/93 squad

Click here to take the quiz!

General Stats

  • This quiz has been taken 7 times
  • The average score is 8 of 25

Answer Stats

Shirt no.Player% Correct
1Fabien Barthez
86%
11Didier Deschamps
71%
6Marcel Desailly
71%
10Abedi Pele
57%
4Basile Boli
57%
16Pascal Olmeta
43%
Raymond Goethals
43%
8Alen Bokšić
29%
3Éric Di Meco
29%
5Franck Sauzée
29%
12Jean-Christophe Thomas
29%
7Jean-Jacques Eydelie
29%
2Jocelyn Angloma
29%
9Rudi Völler
29%
21Alain Boghossian
14%
13Bernard Casoni
14%
17Dragan Stojković
14%
19François Omam-Biyik
14%
23Igor Dobrovolski
14%
22Jean-Christophe Marquet
14%
15Jean-Marc Ferreri
14%
14Jean-Philippe Durand
14%
20Manuel Amoros
14%
18Marc Libbra
14%
24Rafa Vázquez
14%

Score Distribution

Percentile by Number Answered

Percent of People with Each Score

Your Score History

You have not taken this quiz